| 000 | 00494cam a2200145 4500500 | ||
|---|---|---|---|
| 005 | 20260322014356.0 | ||
| 041 | _afre | ||
| 042 | _adc | ||
| 100 | 1 | 0 |
_aLubin, Thierry _eauthor |
| 245 | 0 | 0 | _aNon-contact torque transmission |
| 260 | _c2026. | ||
| 500 | _a24 | ||
| 786 | 0 | _nConversion of electrical energy | - | 2026-03-04 | p. 3-3 | |
| 856 | 4 | 1 | _uhttps://stm.cairn.info/rotating-electrical-machines-design-construction-and-control--bdti42252210-d3565-page-3?lang=en&redirect-ssocas=7080 |
| 999 |
_c1788638 _d1788638 |
||